000 02828nam a2200433 i 4500
001 196502
003 ES-MaACL
005 20250704063127.0
007 ta
008 241003e1986 sp ||||| |||| 00| 0 spa d
017 _aM-13-58
_bES-MaACL
040 _bspa
_cES-MaACL
_dES-MaACL
245 0 0 _aCincuenta años del asesinato de Lorca /
_cMiguel García-Posada, Manuel Fernández-Montesinos, Antonio Carvajal ... [et al.]
246 1 _a50 años del asesinato de Lorca
260 _aMadrid :
_bLos Domingos de ABC,
_c1986
300 _a55 páginas ;
_bilustraciones (color y negro) ;
_c30 cm
336 _2rdacontent
_atexto
337 _2rdamedia
_asin mediación
338 _2rdacarrier
_avolumen
490 1 _a ;
_v954
500 _aNúmero especial de "Los Domingos de ABC" dedicado a Lorca, 17/8/1986
505 0 _aAutógrafo "Álbum blanco"; Notas al texto de "Álbum blanco"; "Álbum blanco": una suite inédita de Lorca / Miguel García-Posada - Carta a Gerardo Diego - "Madrigal apasionado" / edición y notas de Manuel Fernández-Montesinos - Como madre sangrada / Antonio Carvajal - Mi último recuerdo de Federico / José Luis Cano - El pensamiento de Federico / Charles Marcilly - Sobre el "Romance sonámbulo" / Fernando Lázaro Carreter - Antología poética / Federico García Lorca - Sonetos de amor / Luis María Ansón - Situación de la obra lorquiana / Carlos Bousoño - El soneto "El poeta pregunta a su amor por la ciudad encantada de Cuenca" / Julio Huélamo Kosma - Un poeta reunido / Arturo del Hoyo - Las máscaras del drama / Ricardo Gullón - Federico en América / Francisco Giner de los Ríos - "Doña Rosita la soltera": crónica de una ciudad / Antonina Rodrigo - Federico en persona. Biografía cronológica de Federico García Lorca / Miguel García-Posada
530 _aDisponible en formato digital
600 1 4 _aGarcía Lorca, Federico,
_d1898-1936-
_xCrítica e interpretación
_954857
600 1 4 _aGarcía Lorca, Federico,
_d1898-1936-
_vHomenajes
_9138815
600 1 4 _aGarcía Lorca, Federico,
_d1898-1936-
_xBiografías
_954854
655 7 _2tgfbne
_9176539
_aPoesías
700 1 _954853
_aGarcía Lorca, Federico,
_d1898-1936
_eaut
700 1 _955131
_aGarcía-Posada, Miguel,
_d1944-2012
_eaut
700 1 _9139805
_aFernández-Montesinos, Manuel,
_d1932-2013
_eaut
700 1 _935927
_aCarvajal, Antonio,
_d1943-
_eaut
852 _aES-MaACL
_cDEPOF
_jFOLL-BUE-11
_hLegado: Antonio Buero Vallejo
_9204218
856 4 _u http://www.march.es/Recursos_Web/Culturales/teatro/Prensa/ABC17191.pdf
_yVersión en línea
_z(Fundación Juan March)
903 _932421
_aBuero Vallejo, Antonio,
_q1
_d1916-2000
_ednr
942 _n0
_cFOLLETOS
999 _c196502
_d196502